000
00331 a2200157 4500
001
74507
020
_a
851601313-8
040
_c
Anchieta - Colégio São Paulo
100
_a
Matui, Jiron
240
1
0
_a
Construtivismo
_l
por
245
1
0
_a
Construtivismo
300
_a
247
362
0
_a
1995
650
4
_a
Educação
942
_c
BK
999
_c
74507
_d
74507